Brawl Stars - All Brawlers - Statistics

General Stats
  • This quiz has been taken 275 times
    235 since last reset
  • The average score is 53 of 86
Answer Stats
Rarity Brawler % Correct
Starter Shelly
97%
Rare Nita
88%
Rare Colt
85%
Rare Rosa
85%
Rare El Primo
82%
Legendary Spike
81%
Legendary Crow
80%
Legendary Leon
80%
Rare Bull
79%
Rare Brock
78%
Rare Poco
77%
Legendary Kenji
76%
Mythic Mortis
76%
Legendary Meg
75%
Rare Barley
74%
Legendary Surge
74%
Epic Bo
73%
Super Rare Jessie
73%
Super Rare Dynamike
71%
Epic Edgar
71%
Super Rare Gus
71%
Legendary Kit
71%
Legendary Sandy
71%
Legendary Chester
70%
Super Rare Rico
70%
Super Rare Darryl
69%
Super Rare Penny
69%
Epic Piper
69%
Epic Pam
68%
Legendary Amber
67%
Legendary Draco
66%
Epic Frank
66%
Super Rare 8-Bit
64%
Epic Emz
64%
Super Rare Jacky
64%
Mythic Buzz
63%
Super Rare Tick
63%
Super Rare Carl
61%
Epic Mandy
61%
Legendary Cordelius
59%
Mythic Tara
59%
Epic Gale
58%
Epic Stu
58%
Epic Bibi
57%
Mythic Juju
57%
Epic Nani
57%
Epic Shade
57%
Epic Berry
56%
Mythic Chuck
56%
Mythic Moe
56%
Epic Bonnie
55%
Mythic Byron
55%
Mythic Janet
55%
Epic Belle
54%
Mythic Gene
53%
Epic Grom
53%
Mythic Lou
53%
Mythic Max
53%
Epic Sam
53%
Epic Ash
52%
Mythic Charlie
52%
Mythic Fang
52%
Mythic Lily
52%
Epic Bea
51%
Mythic Doug
51%
Mythic Mr.P
51%
Epic Colette
50%
Epic Hank
50%
Mythic Melodie
50%
Mythic Otis
50%
Epic Angelo
49%
Mythic Clancy
49%
Mythic Ruffs
49%
Mythic Eve
48%
Epic Lola
48%
Mythic Sprout
48%
Mythic Willow
48%
Mythic Gray
47%
Epic Maisie
47%
Mythic Mico
47%
Epic Griff
46%
Epic Pearl
46%
Mythic Buster
45%
Mythic Squeak
44%
Epic Larry & Lawrie
43%
Mythic R-T
40%
No matching quizzes found
Score Distribution
Percent of People with Each Score
Percentile by Number Answered
Your Score History
You have not taken this quiz since the last reset